000 00207nam a22000857a 4500
999 _c11748
_d11748
008 200113b ||||| |||| 00| 0 eng d
100 _aLionni Leo
_97435
245 _aSwimmy
260 _aNew York
_bScholastic
_c1989